Duże kraje graniczące z małymi krajami - Statystyki

Ogólne statystyki
  • Ten quiz został rozwiązany 274 razy
  • Średni wynik to 20 z 28
Statystyki odpowiedzi
Kraje % Poprawnych
Rosja
93%
Francja
91%
Chiny
89%
Hiszpania
89%
Włochy
87%
Niemcy
84%
Watykan
80%
Andora
79%
Monako
78%
San Marino
78%
Litwa
76%
Luksemburg
76%
Estonia
75%
Łotwa
75%
Gruzja
68%
Korea Północna
68%
Liechtenstein
67%
Azerbejdżan
66%
Szwajcaria
66%
Austria
65%
Bhutan
62%
Arabia Saudyjska
59%
Katar
55%
Indonezja
54%
Demokratyczna Republika Konga
50%
Kuwejt
50%
Timor Wschodni
46%
Rwanda
40%
Nie znaleziono quizów pasujących do podanych kryteriów
Rozkład punktacji
Procent ludzi z każdym wynikiem
Percentyl według liczby udzielonych odpowiedzi
Twoja historia wyników
Nie rozwiązałeś tego quizu